| 000 | 00000nam 2200000zi 4500 |
| 001 | 9.941090 |
| 003 | CaOODSP |
| 005 | 20240731083339 |
| 006 | m o d f |
| 007 | cr mn||||||||| |
| 008 | 240726s2024 onc o f000 0 eng d |
| 040 | |aCaOODSP|beng|erda|cCaOODSP |
| 043 | |an-cn--- |
| 086 | 1 |aPS84-253/2024E-PDF |
| 245 | 00|aSafety, respect and dignity for all. |
| 264 | 1|a[Ottawa] : |bCorrectional Service Canada = Service correctionnel Canada, |c[2024] |
| 300 | |a1 online resource (1 folded sheet (7 pages)) |
| 336 | |atext|btxt|2rdacontent |
| 337 | |acomputer|bc|2rdamedia |
| 338 | |aonline resource|bcr|2rdacarrier |
| 500 | |aIssued also in French under title: La sécurité, le respect et la dignité pour tous. |
| 650 | 0|aVictims of crimes|xServices for|zCanada. |
| 650 | 0|aVictims of crimes|xCivil rights|zCanada. |
| 710 | 2 |aCorrectional Service Canada, |eissuing body. |
| 775 | 08|tLa sécurité, le respect et la dignité pour tous.|w(CaOODSP)9.941153 |
| 856 | 40|qPDF|s472 KB|uhttps://publications.gc.ca/collections/collection_2024/scc-csc/PS84-253-2024-eng.pdf |
| 856 | 4 |qHTML|sN/A|uhttps://www.canada.ca/en/correctional-service/corporate/library/you-csc/victims/safety-respect-dignity.html |